<?xml version="1.0" encoding="UTF-8"?>
<record
    xmlns:xsi="http://www.w3.org/2001/XMLSchema-instance"
    xsi:schemaLocation="http://www.loc.gov/MARC21/slim http://www.loc.gov/standards/marcxml/schema/MARC21slim.xsd"
    xmlns="http://www.loc.gov/MARC21/slim">

  <leader>01104nam a22001457a 4500</leader>
  <datafield tag="999" ind1=" " ind2=" ">
    <subfield code="c">25521</subfield>
    <subfield code="d">25521</subfield>
  </datafield>
  <datafield tag="020" ind1=" " ind2=" ">
    <subfield code="a">9780252041532</subfield>
  </datafield>
  <datafield tag="082" ind1=" " ind2=" ">
    <subfield code="a">331.1</subfield>
    <subfield code="b">JOB-</subfield>
  </datafield>
  <datafield tag="245" ind1=" " ind2=" ">
    <subfield code="a">Jobs and the labor force of tomorrow</subfield>
    <subfield code="b">: migration, training, education</subfield>
  </datafield>
  <datafield tag="260" ind1=" " ind2=" ">
    <subfield code="a">Urbana</subfield>
    <subfield code="b">University of Illinois Press</subfield>
    <subfield code="c">2017</subfield>
  </datafield>
  <datafield tag="300" ind1=" " ind2=" ">
    <subfield code="a">ix, 128pp.      </subfield>
  </datafield>
  <datafield tag="520" ind1=" " ind2=" ">
    <subfield code="a">The new volume in the Urban Agenda series addresses the challenges shaping the development of human capital in metropolitan regions. The articles, products of the 2016 Urban Forum at the University of Illinois at Chicago, engage with the overarching idea that a dynamic metropolitan economy needs a diverse, trained, and available workforce that can adapt to the needs of commerce, industry, government, and the service sector. Authors explore provocative issues like the jobless recovery, migration and immigration, K12 education preparedness, the urban-oriented gig economy, postsecondary workforce training, and the recruitment and professional development of millennials</subfield>
  </datafield>
  <datafield tag="650" ind1=" " ind2=" ">
    <subfield code="a">Urban economics</subfield>
    <subfield code="v">Urban policy.</subfield>
    <subfield code="v">City planning</subfield>
  </datafield>
  <datafield tag="700" ind1=" " ind2=" ">
    <subfield code="a">Pagano, Michael A.</subfield>
  </datafield>
  <datafield tag="942" ind1=" " ind2=" ">
    <subfield code="2">ddc</subfield>
    <subfield code="c">BK</subfield>
  </datafield>
  <datafield tag="952" ind1=" " ind2=" ">
    <subfield code="0">0</subfield>
    <subfield code="1">0</subfield>
    <subfield code="4">0</subfield>
    <subfield code="7">0</subfield>
    <subfield code="a">NASSDOC</subfield>
    <subfield code="b">NASSDOC</subfield>
    <subfield code="d">2019-03-25</subfield>
    <subfield code="e">OP</subfield>
    <subfield code="i">2019-03-25</subfield>
    <subfield code="l">0</subfield>
    <subfield code="o">331.1 JOB-</subfield>
    <subfield code="p">50406</subfield>
    <subfield code="r">2019-08-29 00:00:00</subfield>
    <subfield code="w">2019-03-25</subfield>
    <subfield code="y">BK</subfield>
  </datafield>
</record>
